Gaming Quiz

Random Gaming or Video Games Quiz

Video Game or Fib-eo Game? Quiz Stats

 Plays Quiz Updated Mar 11, 2018

Challenge
Share
Tweet
Embed
Score 0/20 Timer 03:00
8 Plays Today
Video Game 'V' or 'F' % Correct
Goat Simulator???
69%
Mario Teaches Typing???
67%
Lego Scarface???
66.8%
Dino Land???
64.6%
Space Bunnies Must Die!???
63%
Get the Hobbits to Isengard!???
62.7%
Panic Restaurant???
59.2%
Angry Serfs???
59.1%
Pepsi Man???
58%
Space Paranoids???
56.3%
Video Game 'V' or 'F' % Correct
Kwirk???
55.8%
Normality???
54.1%
Sping???
53.6%
Burned at the Stake!???
53.6%
Princess Tomato in the Salad Kingdom???
53.2%
Mario House Party???
50.5%
Drone Dance Simulator???
49.6%
Global Thermonuclear Conflict???
47.9%
Little Red Riding Hood's Zombie BBQ???
47.8%
Black Friday???
46.8%

You're not logged in!

Compare scores with friends on all Sporcle quizzes.
Join for Free
OR
Log In

You Might Also Like...

Show Comments

Extras

Top Quizzes Today


Score Distribution

Your Account Isn't Verified!

In order to create a playlist on Sporcle, you need to verify the email address you used during registration. Go to your Sporcle Settings to finish the process.

Report this User

Report this user for behavior that violates our Community Guidelines.

Details: